Top 300 NBA Best player of all-time - Statistics

General Stats
  • This quiz has been taken 107 times
    82 since last reset
  • The average score is 158 of 300
Answer Stats
NBA Players % Correct
Lebron James
100%
Michael Jordan
97%
Shaquille O'Neal
97%
Kareem Abdul-Jabbar
95%
Larry Bird
95%
Magic Johnson
95%
Avery Johnson
93%
Bill Russell
93%
Bryon Russell
93%
Dennis Johnson
93%
Jerry West
93%
Joe Johnson
93%
Julius Erving
93%
Kevin Johnson
93%
Kyrie Irving
93%
Marques Johnson
93%
Vinnie Johnson
93%
Wilt Chamberlain
92%
Hakeem Olajuwon
90%
James Harden
90%
Karl Malone
90%
Moses Malone
90%
Ray Allen
90%
Stephen Curry
90%
Tony Allen
90%
Anthony Davis
88%
Antonio Davis
88%
Baron Davis
88%
Brad Davis
88%
Kevin Durant
88%
Walter Davis
88%
Dwyane Wade
87%
Kevin Garnett
87%
Klay Thompson
87%
Steve Nash
87%
Tony Parker
87%
Chris Bosh
85%
David Robinson
85%
David Thompson
85%
Dirk Nowitzki
85%
Glenn Robinson
85%
Isaiah Thomas
85%
Isiah Thomas
85%
Jason Kidd
85%
Kobe Bryant
85%
Luka Doncic
85%
Nate Robinson
85%
Tim Duncan
85%
A.C. Green
83%
Chris Paul
83%
Danny Green
83%
Draymond Green
83%
Russell Westbrook
83%
Allen Iverson
82%
Andre Miller
82%
Buck Williams
82%
Charles Barkley
82%
Dwight Howard
82%
Giannis Antetokounmpo
82%
Gus Williams
82%
Larry Miller
82%
Mike Miller
82%
Patrick Ewing
82%
Paul Pierce
82%
Reggie Miller
82%
Bingo Smith
80%
Dennis Rodman
80%
John Stockton
80%
John Wall
80%
Manu Ginobili
80%
Scottie Pippen
80%
Austin Carr
78%
Dominique Wilkins
78%
Lenny Wilkens
78%
Oscar Robertson
78%
Ben Wallace
77%
Derrick Rose
77%
Gary Payton
77%
Gary Payton II
77%
Gerald Wallace
77%
Marc Gasol
77%
Nikola Jokic
77%
Pau Gasol
77%
Paul George
77%
Rasheed Wallace
77%
Bob Love
75%
Carmelo Anthony
75%
Chris Webber
75%
Clyde Drexler
75%
Jayson Tatum
75%
Kawhi Leonard
75%
Vince Carter
75%
Bob Cousy
73%
Bob Pettit
73%
Elgin Baylor
73%
Penny Hardaway
73%
Tim Hardaway
73%
Tracy McGrady
73%
Fred Brown
72%
Jaylen Brown
72%
Kevin McHale
72%
Roger Brown
72%
Walter A. Brown
72%
Damian Lillard
70%
Joe Dumars
70%
Grant Hill
68%
Kasim Reed
68%
Willis Reed
68%
Yao Ming
68%
Amar'e Stoudemire
67%
Chauncey Billups
67%
Dikembe Mutombo
67%
George Mikan
67%
James Worthy
67%
Robert Parish
67%
K.C. Jones
65%
Rajon Rondo
65%
Sam Jones
65%
Alonzo Mourning
63%
Antonie Walker
63%
Bill Walton
63%
Bradley Beal
63%
Devin Booker
63%
George Gervin
63%
Kemba Walker
63%
Shawn Kemp
63%
Walt Frazier
63%
Alex English
62%
Elvin Hayes
62%
Joel Embiid
62%
Jo Jo White
62%
Marc Jackson
62%
Rick Barry
62%
Stephen Jackson
62%
Anthony Edwards
60%
Chris Mullin
60%
James Edwards
60%
Shai Gilgeous-Alexander
60%
Bob McAdoo
58%
Jrue Holiday
58%
Kyle Lowry
58%
Pete Maravich
58%
Earl Monroe
57%
Nate Thurmond
57%
Chris Middleton
55%
Nate Archibald
55%
Shawn Marion
55%
Zach Randolph
55%
Andre Iguodala
53%
Dave Cowens
53%
Dolph Schayes
53%
Donovan Mitchell
53%
Jason Terry
53%
Mark Price
53%
Terry Porter
53%
Adrian Dantley
52%
Mike Conley
52%
Rick Fox
52%
Derek Harper
50%
Gail Goodrich
50%
Rashard Lewis
50%
Reggie Lewis
50%
Richard Hamilton
50%
Stephon Marbury
50%
Bill Laimbeer
48%
Dale Ellis
48%
Jamaal Murray
48%
Billy Cunningham
47%
Gilbert Arenas
47%
Jalen Brunson
47%
Jamal Crawford
47%
Kenyon Martin
47%
Byron Scott
45%
Hal Greer
45%
John Williamson
45%
Latrell Sprewell
45%
Mitch Richmond
45%
Paul Arizin
45%
Peja Stojakovic
45%
Bill Bradley
43%
Dave Bing
43%
Eric Gordon
43%
Steve Francis
43%
Tom Chambers
43%
Tyson Chandler
43%
Dave DeBusschere
42%
Jack Sikma
42%
Maurice Cheeks
42%
Robert Horry
42%
Vlade Divac
42%
World B. Free
42%
Zydrunas Ilgauskas
42%
Alvan Adams
40%
Bill Sharman
40%
Lamar Odom
40%
Jeff Hornacek
38%
Jerry Lucas
38%
Maurice Lucas
38%
Tom Heinsohn
38%
Tyrese Haliburton
38%
Brad Daugherty
37%
Bruce Bowen
37%
Cedric Maxwell
37%
Dan Issel
37%
Elton Brand
37%
Jason Richardson
37%
Jerry Stackhouse
37%
Michael Finley
37%
Quentin Richardson
37%
Jamaal Wilkes
35%
JJ Redick
35%
Michael Cooper
35%
Sidney Moncrief
35%
Anthony Mason
33%
Desmond Mason
33%
Fat Lever
33%
Rolando Blackman
33%
Sean Elliott
33%
Calvin Murphy
32%
CJ McCollum
32%
Dan Majerle
32%
Don Nelson
32%
Lloyd Neal
32%
Mark Eaton
32%
Udonis Haslem
32%
Larry Nance
30%
Allan Houston
28%
Drazen Petrovic
28%
Kyle Korver
28%
Bob Dandridge
27%
Connie Hawkins
27%
Jack Twyman
27%
Paul Westphal
27%
Spencer Haywood
27%
George McGinnis
25%
Antonio McDyess
23%
Lou Hudson
23%
Mel Daniels
23%
James Silas
22%
Jerry Sloan
22%
Vern Mikkelsen
22%
Bailey Howell
20%
Dick Barnett
20%
Corey Maggette
18%
Dick Van Arsdale
18%
Otis Birdsong
18%
Rudy Tomjanovich
18%
Wally Szczerbiak
18%
Rick Mahorn
17%
Satch Sanders
17%
Buddy Hield
15%
Darrell Griffith
15%
Ed Macauley
15%
John Salley
13%
Nicolas Batum
13%
Jim Pollard
12%
Morris Peterson
10%
Nick Collison
10%
Wesley Matthews
10%
Bob Davies
8%
DeShawn Stevenson
8%
Geoff Petrie
8%
Nate McMillan
8%
Phil Chenier
8%
Brian Winters
7%
Dick McGuire
7%
Lionel Hollins
7%
Theo Ratliff
7%
Clyde Lovelette
5%
Frank Ramsey
5%
Jack Ramsay
5%
Junior Bridgeman
5%
Maurice Stokes
5%
Stromile Swift
5%
Darius Miles
3%
Hot Rod Hundley
3%
Johnny Moore
3%
Jon McGlocklin
3%
Malik Sealy
2%
Sam Lacey
2%
Aaron Gorden
0%
Al Attles
0%
Bill Melchionni
0%
Bobby Phills
0%
Bob Gross
0%
Byron Beck
0%
Dan Marino
0%
Dave Twardzik
0%
Frank Layden
0%
Jonathan Bender
0%
Khalid El-Amin
0%
Larry Steele
0%
Larry Weinberg
0%
Mateen Cleaves
0%
Tom Meschery
0%
No matching quizzes found
Score Distribution
Percent of People with Each Score
Percentile by Number Answered
Your Score History
You have not taken this quiz since the last reset